[Event "Titled Tuesday intern op 19th Dec Early"]
[Site "Chess.com INT"]
[Date "2023.12.19"]
[Round "4"]
[White "Papp, Petra"]
[Black "Bazilius, Augustinas"]
[Result "0-1"]
[WhiteElo "2267"]
[BlackElo "2030"]
[PlyCount "206"]
[EventDate "2023.12.19"]
[EventType "swiss (blitz)"]
[EventRounds "11"]
[EventCountry "USA"]
[SourceTitle "CB52_2023"]
[SourceDate "2023.12.27"]
[SourceVersion "1"]
[SourceVersionDate "2023.12.27"]
[SourceQuality "1"]

1. e4 b6 2. d4 Bb7 3. Nc3 d6 4. Be3 e6 5. Qd2 Nf6 6. f3 Be7 7. g4 h6 8. 0-0-0 a6 9. h4 b5 10. Bg2 b4 11. Nce2 a5 12. g5 hxg5 13. hxg5 Rxh1 14. Bxh1 Nh5 15. g6 fxg6 16. Nf4 Nxf4 17. Bxf4 Nd7 18. Nh3 Nf8 19. Ng5 Qd7 20. Kb1 0-0-0 21. a3 d5 22. axb4 Bxb4 23. c3 Be7 24. Nf7 Re8 25. Ne5 Qb5 26. Bg2 a4 27. Bf1 Qb3 28. Bd3 a3 29. Qc2 Qb6 30. c4 dxc4 31. Bxc4 g5 32. Be3 Qxb2+ 33. Qxb2 axb2 34. Kxb2 Bf6 35. Ng4 Rd8 36. e5 Be7 37. Be2 Ng6 38. Kc3 Nh4 39. Rf1 Rf8 40. Nh2 Nf5 41. Bf2 Rh8 42. Ng4 Rh3 43. Be1 c5 44. dxc5 Bxc5 45. Bf2 Bxf3 46. Bxf3 Rxf3+ 47. Kc4 Ne3+ 48. Nxe3 Bxe3 49. Rd1 Bxf2 50. Rd6 Bb6 51. Rxb6 Kd7 52. Rd6+ Ke7 53. Kc5 Rc3+ 54. Kd4 Rc1 55. Ke4 Re1+ 56. Kf3 Rxe5 57. Ra6 Rf5+ 58. Kg4 Kf6 59. Ra7 Rf4+ 60. Kg3 g6 61. Rd7 Re4 62. Ra7 Re3+ 63. Kf2 Rb3 64. Ra4 e5 65. Rc4 Kf5 66. Rc8 g4 67. Rf8+ Kg5 68. Kg2 Rb2+ 69. Kg3 Rb3+ 70. Kg2 Rb4 71. Kg3 Rf4 72. Re8 Rf3+ 73. Kg2 Kf4 74. Rf8+ Ke4 75. Ra8 Rd3 76. Ra4+ Kf5 77. Ra6 Rd2+ 78. Kg3 g5 79. Ra8 Rd3+ 80. Kg2 g3 81. Rg8 Kg4 82. Rf8 Rd2+ 83. Kg1 e4 84. Re8 Kf3 85. Rf8+ Ke3 86. Kf1 Rf2+ 87. Kg1 Rxf8 88. Kg2 Rf2+ 89. Kxg3 Ke2 90. Kh3 e3 91. Kg4 Rf4+ 92. Kg3 Rf8 93. Kh3 Kd3 94. Kg4 e2 95. Kg3 e1Q+ 96. Kg2 Qf2+ 97. Kh3 Rf3+ 98. Kg4 Qg3+ 99. Kh5 Qh4+ 100. Kg6 g4 101. Kg7 g3 102. Kg6 g2 103. Kg7 g1R# 0-1

[Event "Titled Tuesday intern op 12th Dec Early"]
[Site "Chess.com INT"]
[Date "2023.12.12"]
[Round "9"]
[White "Bazilius, Augustinas"]
[Black "Mendez Fortes, Eduardo Jesus"]
[Result "1-0"]
[WhiteElo "2030"]
[BlackElo "2231"]
[PlyCount "87"]
[EventDate "2023.12.12"]
[EventType "swiss (blitz)"]
[EventRounds "11"]
[EventCountry "USA"]
[SourceTitle "CB51_2023"]
[SourceDate "2023.12.20"]
[SourceVersion "1"]
[SourceVersionDate "2023.12.20"]
[SourceQuality "1"]

1. d4 Nf6 2. c4 e6 3. Nf3 d5 4. g3 dxc4 5. Bg2 a6 6. 0-0 Nc6 7. e3 Rb8 8. Nfd2 e5 9. Bxc6+ bxc6 10. dxe5 Ng4 11. Nxc4 Be6 12. Nbd2 Bb4 13. b3 h5 14. h4 g5 15. Ne4 gxh4 16. Qxd8+ Rxd8 17. gxh4 Bxc4 18. bxc4 Nxe5 19. Bb2 Rg8+ 20. Kh1 Nd7 21. Rg1 Ke7 22. Ng3 Rg4 23. Nf5+ Ke6 24. Nd4+ Kd6 25. Rxg4 hxg4 26. Rg1 Ne5 27. Rd1 Ke7 28. Nf5+ Ke8 29. Rxd8+ Kxd8 30. Bxe5 Kd7 31. h5 Ke6 32. h6 Kxf5 33. h7 Kxe5 34. h8Q+ Ke4 35. Qd4+ Kf3 36. Qf4+ Ke2 37. Qxg4+ Kxf2 38. Qf4+ Ke2 39. Qxc7 Kxe3 40. Qxc6 a5 41. Kg2 f5 42. Qf3+ Kd4 43. Qd5+ Kc3 44. c5 1-0

[Event "Titled Tuesday intern op 12th Dec Early"]
[Site "Chess.com INT"]
[Date "2023.12.12"]
[Round "7"]
[White "Kavyev, Ruslan"]
[Black "Bazilius, Augustinas"]
[Result "0-1"]
[WhiteElo "2297"]
[BlackElo "2030"]
[PlyCount "90"]
[EventDate "2023.12.12"]
[EventType "swiss (blitz)"]
[EventRounds "11"]
[EventCountry "USA"]
[SourceTitle "CB51_2023"]
[SourceDate "2023.12.20"]
[SourceVersion "1"]
[SourceVersionDate "2023.12.20"]
[SourceQuality "1"]

1. e4 c5 2. Nf3 d6 3. d4 cxd4 4. Nxd4 Nf6 5. Nc3 Nc6 6. Bc4 a6 7. Nxc6 bxc6 8. e5 d5 9. exf6 dxc4 10. Qxd8+ Kxd8 11. fxg7 Bxg7 12. Bd2 Kc7 13. 0-0-0 Rd8 14. Rhe1 Be6 15. Bf4+ Kb6 16. Be5 Bh6+ 17. Kb1 Bd2 18. Rf1 Bxc3 19. Bxc3 Rd5 20. Kc1 Rad8 21. Rde1 c5 22. f4 Kc6 23. h3 h5 24. a3 R8d7 25. Re3 h4 26. Re5 Rxe5 27. fxe5 Bd5 28. Rg1 Rd8 29. Be1 Rg8 30. Bxh4 Rxg2 31. Re1 Rh2 32. Bxe7 Rxh3 33. Bd6 Rh2 34. Bb8 Rg2 35. Rf1 Be4 36. Rxf7 Rxc2+ 37. Kd1 Rxb2 38. e6 Rxb8 39. e7 Re8 40. Rf4 Bd5 41. Rf6+ Kd7 42. Rxa6 Rxe7 43. Kd2 Re6 44. Kc3 Rxa6 45. a4 Rxa4 0-1

[Event "Titled Tuesday intern op 12th Dec Early"]
[Site "Chess.com INT"]
[Date "2023.12.12"]
[Round "1"]
[White "Martinez Ramirez, Lennis"]
[Black "Bazilius, Augustinas"]
[Result "1/2-1/2"]
[WhiteElo "2465"]
[BlackElo "2030"]
[PlyCount "122"]
[EventDate "2023.12.12"]
[EventType "swiss (blitz)"]
[EventRounds "11"]
[EventCountry "USA"]
[SourceTitle "CB51_2023"]
[SourceDate "2023.12.20"]
[SourceVersion "1"]
[SourceVersionDate "2023.12.20"]
[SourceQuality "1"]

1. Nf3 Nf6 2. g3 c5 3. Bg2 g6 4. 0-0 Bg7 5. Nc3 0-0 6. e4 d5 7. exd5 Nxd5 8. Ne4 b6 9. d4 cxd4 10. Nxd4 Bb7 11. c3 Nc6 12. Nxc6 Bxc6 13. Qe2 Qc7 14. h4 h5 15. Bg5 Qb7 16. Rfe1 Rfd8 17. Rad1 Nf6 18. Nxf6+ Bxf6 19. Bxc6 Qxc6 20. Rxd8+ Rxd8 21. Bxf6 exf6 22. Rd1 Rxd1+ 23. Qxd1 Qe6 24. b3 Qe5 25. Qd2 f5 26. Qd8+ Kg7 27. Qd4 Qxd4 28. cxd4 Kf6 29. Kg2 Ke6 30. Kf3 Kd5 31. Ke3 b5 32. Kd3 b4 33. Ke3 f6 34. f4 Ke6 35. Kd2 Kd6 36. Ke3 Ke6 37. Ke2 Kd6 38. Kd2 Ke6 39. Kd3 Kd5 40. Ke3 a6 41. Kd3 a5 42. Ke3 Ke6 43. Kd3 Kd5 44. Ke3 Kd6 45. Kd2 Kc6 46. Kc2 Kd6 47. Kd2 Kc6 48. Ke3 Kb6 49. d5 Kc5 50. d6 Kxd6 51. Kd4 Kc6 52. Kc4 g5 53. fxg5 fxg5 54. hxg5 Kd6 55. Kd4 Ke6 56. Ke3 Kf7 57. Kf3 Kg7 58. Ke3 Kf7 59. Kf3 Kg7 60. Ke3 Kh7 61. Kf3 Kg7 1/2-1/2

[Event "Wch U14"]
[Site "Montesilvano"]
[Date "2023.11.21"]
[Round "8"]
[White "Nainys, Zanas1"]
[Black "Bazilius, Augustinas"]
[Result "1-0"]
[WhiteElo "1974"]
[BlackElo "2138"]
[PlyCount "59"]
[EventDate "2023.11.13"]
[EventType "swiss"]
[EventRounds "11"]
[EventCountry "ITA"]
[SourceTitle "CB48_2023"]
[SourceDate "2023.11.29"]
[SourceVersion "1"]
[SourceVersionDate "2023.11.29"]
[SourceQuality "1"]

1. Nf3 Nf6 2. c4 c5 3. Nc3 d5 4. cxd5 Nxd5 5. d4 Nxc3 6. bxc3 e6 7. e4 cxd4 8. cxd4 Bb4+ 9. Bd2 Bxd2+ 10. Qxd2 0-0 11. Bc4 Nc6 12. 0-0 b6 13. d5 Na5 14. Bd3 exd5 15. exd5 Bb7 16. Rad1 Qxd5 17. Bxh7+ Kh8 18. Qf4 Qh5 19. Bf5 Bxf3 20. Rd3 g6 21. Rxf3 Qxf5 22. Qh6+ Kg8 23. Rxf5 gxf5 24. Qg5+ Kh8 25. Rd1 Rfe8 26. Qxf5 Kg8 27. h4 Re6 28. Rd3 Kg7 29. h5 Rh8 30. Rd7 1-0

[Event "Wch U14"]
[Site "Montesilvano"]
[Date "2023.11.15"]
[Round "3"]
[White "Bazilius, Augustinas"]
[Black "Yun, Hungi"]
[Result "1/2-1/2"]
[WhiteElo "2138"]
[BlackElo "1884"]
[PlyCount "66"]
[EventDate "2023.11.13"]
[EventType "swiss"]
[EventRounds "11"]
[EventCountry "ITA"]
[SourceTitle "CB48_2023"]
[SourceDate "2023.11.29"]
[SourceVersion "1"]
[SourceVersionDate "2023.11.29"]
[SourceQuality "1"]

1. d4 Nf6 2. c4 e6 3. Nf3 d5 4. g3 Bb4+ 5. Bd2 Be7 6. Bg2 0-0 7. 0-0 c6 8. Qc2 Nbd7 9. Rd1 b6 10. Bf4 Ba6 11. Ne5 Rc8 12. cxd5 Nxd5 13. Nxc6 Nb4 14. Qa4 Nxc6 15. Bxc6 Bxe2 16. Re1 b5 17. Qxa7 Rxc6 18. Rxe2 g5 19. Bd2 Qc8 20. d5 Bc5 21. Qa5 exd5 22. Bxg5 Re8 23. Nc3 Ne5 24. Bf4 Nf3+ 25. Kg2 Rxe2 26. Nxe2 Qg4 27. Qd8+ Kg7 28. h3 Qf5 29. Nc3 Qc2 30. Rf1 Ne1+ 31. Kg1 Nf3+ 32. Kg2 Ne1+ 33. Kg1 Nf3+ 1/2-1/2

[Event "EU-ch U14 rapid"]
[Site "Terme Catez"]
[Date "2023.09.29"]
[Round "8"]
[White "Bazilius, Augustinas"]
[Black "Sava, Robert Gabriel"]
[Result "1-0"]
[WhiteElo "1940"]
[BlackElo "1918"]
[PlyCount "167"]
[EventDate "2023.09.28"]
[EventType "swiss (rapid)"]
[EventRounds "9"]
[EventCountry "SLO"]
[SourceTitle "EXT 2024"]
[Source "ChessBase"]
[SourceDate "2023.10.10"]
[SourceVersion "1"]
[SourceVersionDate "2023.10.10"]
[SourceQuality "1"]

1. d4 Nf6 2. c4 e6 3. Nf3 Bb4+ 4. Bd2 Qe7 5. g3 Nc6 6. e3 Bxd2+ 7. Qxd2 d6 8. Bg2 0-0 9. Nc3 e5 10. 0-0 Bg4 11. Nd5 Qd8 12. Rac1 Re8 13. b4 Bxf3 14. Bxf3 e4 15. Bg2 Nb8 16. f3 Nxd5 17. cxd5 exf3 18. Bxf3 Nd7 19. Rc3 Nf6 20. Qc2 Re7 21. e4 Rc8 22. g4 h6 23. h4 Nh7 24. Qg2 Re8 25. Qg3 Qe7 26. Re1 c6 27. Rec1 Nf6 28. e5 dxe5 29. dxe5 Qxe5 30. Qxe5 Rxe5 31. dxc6 bxc6 32. Rxc6 Rxc6 33. Rxc6 a5 34. Rc5 Rxc5 35. bxc5 Kf8 36. Kf2 Ke7 37. Ke3 Kd8 38. Kd4 Kc7 39. Kc4 Nd7 40. Kb5 g6 41. Kxa5 Nxc5 42. Kb4 Nd3+ 43. Kc3 Ne5 44. Be2 Kd6 45. Kd4 f5 46. gxf5 gxf5 47. Ke3 Nc6 48. Kf4 Nd4 49. Bd3 Ke6 50. a4 Kf6 51. a5 Ne6+ 52. Kf3 Ke5 53. a6 Nd4+ 54. Ke3 Nc6 55. Bb5 Na7 56. Ba4 Nc8 57. Kf3 Na7 58. Bd7 f4 59. Bg4 Nc6 60. Bh3 Nd4+ 61. Kg4 Nb5 62. Bf1 Na7 63. Bg2 Nb5 64. Bb7 Nc7 65. a7 Kf6 66. Kxf4 Ne6+ 67. Ke4 Nc7 68. Bc8 Ke7 69. Ke5 Kd8 70. Bb7 Ke7 71. Bc6 h5 72. Bf3 Kd7 73. Bxh5 Ke7 74. Bf3 Kf7 75. Bc6 Ke7 76. h5 Kf7 77. Kd6 Na6 78. a8Q Nb4 79. Qb7+ Kf6 80. Qxb4 Kg5 81. Qe1 Kh6 82. Qg3 Kh7 83. Bd5 Kh6 84. Qg6# 1-0

[Event "EU-ch U14 rapid"]
[Site "Terme Catez"]
[Date "2023.09.29"]
[Round "7"]
[White "Kozlovic, Jernej"]
[Black "Bazilius, Augustinas"]
[Result "1-0"]
[WhiteElo "1975"]
[BlackElo "1940"]
[PlyCount "83"]
[EventDate "2023.09.28"]
[EventType "swiss (rapid)"]
[EventRounds "9"]
[EventCountry "SLO"]
[SourceTitle "EXT 2024"]
[Source "ChessBase"]
[SourceDate "2023.10.10"]
[SourceVersion "1"]
[SourceVersionDate "2023.10.10"]
[SourceQuality "1"]

1. e4 c5 2. Nf3 d6 3. Bb5+ Nd7 4. c4 a6 5. Ba4 Ngf6 6. Nc3 e6 7. 0-0 Be7 8. d4 cxd4 9. Qxd4 0-0 10. Rd1 Qa5 11. a3 Qh5 12. h3 b6 13. Bg5 Rb8 14. Bxd7 Bxd7 15. e5 dxe5 16. Qxe5 Qg6 17. Nh4 Qc2 18. Rd2 Qb3 19. Nf5 exf5 20. Qxe7 Rbe8 21. Qb4 Qxb4 22. axb4 Bc8 23. Bxf6 gxf6 24. Nd5 Re6 25. c5 bxc5 26. bxc5 Rfe8 27. b4 Kg7 28. Kh2 Rd8 29. Rad1 Re4 30. f3 Rc4 31. Nb6 Rxd2 32. Rxd2 Rxb4 33. Nxc8 Rc4 34. Rd5 a5 35. Nd6 Rc3 36. Nxf5+ Kg6 37. Ne7+ Kg7 38. c6 a4 39. Ra5 a3 40. Ra7 Kf8 41. c7 a2 42. c8Q+ 1-0

[Event "EU-ch U14 rapid"]
[Site "Terme Catez"]
[Date "2023.09.28"]
[Round "6"]
[White "Bazilius, Augustinas"]
[Black "Csontos, Aron"]
[Result "1/2-1/2"]
[WhiteElo "1940"]
[BlackElo "1950"]
[PlyCount "66"]
[EventDate "2023.09.28"]
[EventType "swiss (rapid)"]
[EventRounds "9"]
[EventCountry "SLO"]
[SourceTitle "EXT 2024"]
[Source "ChessBase"]
[SourceDate "2023.10.10"]
[SourceVersion "1"]
[SourceVersionDate "2023.10.10"]
[SourceQuality "1"]

1. d4 Nf6 2. Bg5 e6 3. e4 h6 4. Bxf6 Qxf6 5. c3 e5 6. Nf3 d6 7. dxe5 dxe5 8. Qb3 Bd6 9. Nbd2 0-0 10. Be2 Nd7 11. Qc2 b6 12. 0-0 Bb7 13. b4 Qe7 14. Rfe1 Rfd8 15. Bf1 a5 16. a3 Nf6 17. Bd3 axb4 18. axb4 c5 19. b5 Bc7 20. Nc4 Qe6 21. Ne3 Ng4 22. Nxg4 Qxg4 23. Rxa8 Rxa8 24. c4 Ra3 25. Nd2 Qc8 26. h3 Qa8 27. Rb1 Ra2 28. Rb2 Ra1+ 29. Rb1 Qa3 30. Rxa1 Qxa1+ 31. Qb1 Qc3 32. Qc2 Qb4 33. Kf1 Bd8 1/2-1/2